امید بی زوال ما
Saved in:
| Main Author: | |
|---|---|
| Format: | Book |
| Language: | Persian |
| Tags: |
Add Tag
No Tags, Be the first to tag this record!
|
| LEADER | 00334nam a22001335a 4500 | ||
|---|---|---|---|
| 001 | 014488198-5 | ||
| 005 | 20150929233324.0 | ||
| 008 | 150715s2015 ir 000 0 per d | ||
| 020 | |a 9786006459448 | ||
| 100 | 1 | |a بهبهانی ودیگران,سیمین | |
| 245 | 1 | 0 | |a امید بی زوال ما |
| 899 | |a 415_565358 | ||
| 988 | |a 20150920 | ||
| 906 | |0 MH | ||


